000 00765nam a22002417a 4500
001 37229
003 UA-OsUOA
005 20200924140111.0
007 ta
008 20060228b un ||||| |||| 00| 0 ukr d
020 _a966-574-725-8
040 _aUA-OsUOA
_bukr
_cUA-OsUOA
_dUA-OsUOA
041 _aukr
080 _a65.012.32
090 _a65.012.32
_bЦ38
245 _aЦентральний банк та грошово-кредитна політика
_bпідручник
_cМороз А. М., Пуховкіна М. Ф., Савлук М. І.
260 _aК.
_bКНЕУ
_c2004
300 _a556 с.
650 7 _a336 Фінанси
_2UDC
942 _cBK
_2udc
955 _a2
999 _c323430
_d323430